000 01221nam a22003377a 4500
003 CHAP
005 20220329143837.0
008 121107s2008 mx a r 00010 spa d
010 _a102655
011 _a103627
020 _a9786070001437
035 _a114316
040 _cCHAP
090 _aFolleto 18120
100 0 0 _aEnríquez del Valle, José Raymundo.
_937027
245 1 3 _aLa propagación y crecimiento de agaves
_c/por José Raymundo Enríquez del Valle
260 _aOaxaca, Oax. :
_bFundación Produce Oaxaca,
_c2008
300 _a46 p. :
_bilus., cuadros, gráfs.
590 _aBATCH-UPD
_b10
_c20130110
_lUCH01
_h1232
590 _aBATCH-UPD
_b10
_c20130410
_lUCH01
_h0802
590 _aBATCH-UPD
_b10
_c20130914
_lUCH01
_h1123
590 _aCONVERSION
_b10
_c20130109
_lUCH01
_h1357
650 1 4 _aAgave
_xPropagacion.
_91088
650 1 4 _aCultivos
_xInvernadero.
_930284
901 _aBK
942 _cFOLL
949 _aFolleto 18120
_bBC
_cFOLL
_d33724002318769
_eTS1
_i114316
_sb
949 _aFolleto 18120
_bBC
_cFOLL
_d33724002318801
_eTS2
_fc.3
_i114316
_sb
949 _aFolleto 18120
_bBC
_cFOLL
_d33724002318842
_eTS2
_fc.2
_i114316
_sb
949 _aFolleto 18120
_bBC
_cFOLL
_d33724002319157
_eTS2
_fc.4
_i114316
_sb
999 _c102655
_d102655